Timothy Porter

Maggie Walker A


Categories

Fine Arts - Music15006577103.3300
Science - Chemistry04004095109.2500
History - Cross, Historiography, and Miscellaneous1200355077.6701
RMP - Philosophy1200356590.3300
Fine Arts - Painting03003090111.6700
Literature - European1100256193.0000
Science - Physics0200207676.0001
History - American02002093101.0000
Literature - World and Miscellaneous020020107117.0000
Other - Other Academic and General Knowledge0200207094.5000
RMP - Greco-Roman Mythology020020110120.0000
Science - Biology020020106125.5000
Social Science - Linguistics1000154141.0000
Literature - British1000153939.0011
RMP - Islam1000156060.0001
Science - Engineering and Miscellaneous010010120120.0000
Fine Arts - Jazz010010131131.0000
Science - Astronomy0100108484.0000
Science - Math0100106868.0001
History - European010010119119.0000
History - World0100108282.0000
Science - Computer Science0100109797.0000
Geography - Europe0100106969.0000
Social Science - Economics0100106464.0000
RMP - Christian Practice010010119119.0000
Social Science - Psychology000000.0000
Fine Arts - Opera000000.0000
Science - Earth000000.0000
Fine Arts - Film000000.0000

Buzzes

Literature - BritishAbraham Van Helsing2039
Social Science - Linguisticspronouns2041
History - Cross, Historiography, and MiscellaneousGermany2050
Science - Earthwind speed053
Social Science - Psychologytrauma058
RMP - IslamFatima bint Muhammad2060
Literature - European“The Overcoat”2061
Social Science - EconomicsSmith1064
RMP - PhilosophyBertrand Russell2065
Science - Matht1068